It's a tough job, but... (Record no. 77073)

MARC details
000 -LEADER
fixed length control field 01013cab a2200181 4500
001 - CONTROL NUMBER
control field ##L133538
008 - FIXED-LENGTH DATA ELEMENTS--GENERAL INFORMATION
fixed length control field 060517n2006 000 0 eng u
035 ## - SYSTEM CONTROL NUMBER
System control number (Sirsi) u133538
041 0# - LANGUAGE CODE
Language code of text/sound track or separate title eng
100 1# - MAIN ENTRY--PERSONAL NAME
Personal name Price, John
245 00 - TITLE STATEMENT
Title It's a tough job, but...
260 ## - PUBLICATION, DISTRIBUTION, ETC.
Date of publication, distribution, etc. 2006
490 #0 - SERIES STATEMENT
Series statement Building
Volume/sequential designation 271(8430) 12 May 2006, 56-57(2)
520 ## - SUMMARY, ETC.
Summary, etc. Examines some common misconceptions about the role of the mediator, and argues that whilst there is no reason why judges cannot be effective mediators, they require the necessary knowledge, skills and training, and need to possess the right aptitudes. The critical point is that as mediators are not judgmental, a judge, arbitrator or adjudicator acting in that capacity must remove his judicial hat; if he is unable to do so, he will fail as a mediator.
590 ## - LOCAL NOTE (RLIN)
Local note IKA230506
690 ## - LOCAL SUBJECT ADDED ENTRY--TOPICAL TERM (OCLC, RLIN)
Topical term or geographic name as entry element MANAGEMENT-DISPUTE AVOIDANCE, MANAGEMENT AND RESOLUTION-DISPUTE MANAGEMENT AND RESOLUTION-ALTERNATIVE DISPUTE RESOLUTION-ASSISTED NEGOTIATION-MEDIATION
942 ## - ADDED ENTRY ELEMENTS (KOHA)
Suppress in OPAC 0
Holdings
Withdrawn status Lost status Source of classification or shelving scheme Damaged status Not for loan Home library Current library Shelving location Date acquired Total Checkouts Full call number Barcode Date last seen Copy number Price effective from Koha item type
    Dewey Decimal Classification     London London Journal article 17/05/2006   L133538 133538-1001 06/08/2019 1 06/08/2019 Journal article